000
00240nam a2200109Ia 4500
008
190216s9999||||xx |||||||||||||| ||und||
100
_a
Mittal P
245
0
_a
Gate Papers
260
_b
G K Publishers
_c
1998
300
_a
1565p
942
_c
REF
999
_c
36457
_d
36457